00892nam a2200241 i 4500001000700000003000900007005001700016007000300033008004100036080001700077100002500094245013300119250001200252260004300264300002200307490002600329651003100355700003700386830003400423852005200457999001900509952012200528105557ES-MaACL20250629053020.0t|060725s1941 cl ||||1| spa d a946(0:820-4)1 aFrank, Waldo.95231610aEspaña virgen b: escenas del drama espiritual de un gran pueblo /cWaldo Frank ; traducción del inglés por León Felipe. a2ª ed. aSantiago de Chile : bZig-Zag, c1941. a252 p. ; c21 cm.1 aHistoria y documentos 4aEspaña-xHistoria.982091 aLeón Felipe,d1884-19689716130 aHistoria y documentos9186408 aES-MaACLjAND-359 z. - Biblioteca Juan Andrade c105557d105557 00104070aATENEOMbATENEOMcDEPO2d2008-01-17eSCl0oAND-359p1110207r2023-02-23 00:00:00w2023-02-23yMONOGRAFIA